000 00578nam a22001937a 4500
005 20251108172702.0
008 250721s1996 xx 000 0 ara d
082 1 4 _a920.2/قوا
100 1 _aالقواسمة، محمد عبدالله
_eمؤلف
245 1 0 _aدليل المكتبيين في الأردن /
264 1 _aعمان :
_bجمعية المكتبات الأردنية،
_c1996.
300 _a226ص.
650 1 7 _aالمكتبيون
650 1 7 _aالكشافات
650 1 7 _aالأردن
650 1 7 _aالأدلة
942 _2ddc
_cBK
999 _c85918
_d85918